000 00782cab a2200253 4500
001 ABS54753
008 090401t1996 xxu||||| |||| 00| 0 eng d
035 _a(Sirsi) u12145
041 _aeng
100 _aSmith, B.
245 4 _aThe NLIS in 1996: the pilot project expands
260 _c1996
350 _a0
490 _aMapping Awareness
_v10(2) March 1996, 22-24(3)
520 _aUpdate on Domesday 2000, the development of the National Land Information Service project.
650 _aDOMESDAY 2000
650 _aLAND AND PROPERTY GAZETTEER
650 _aNATIONAL LAND INFORMATION SERVICE
650 _aNATIONAL LAND INFORMATION SERVICE
690 _aMANAGEMENT-BUSINESS MANAGEMENT-INFORMATION MANAGEMENT
690 _aLAND
942 _n0
948 _c04/03/1997
999 _c7771
_d7771